Chansons de Renaud - Mort Subite - Statistiques

Statistiques générales
  • Ce quiz a été pris 193 fois
  • Le résultat moyen est 12 sur 15
Answers on the Grid
Answers color-coded by a green-red scale on the quiz's grid according to % correct below.
Antisocial
Banlieue rouge
C'est mon dernier bal
Casser la voix
Dans mon HLM
Deuxième génération
Helene
J'ai embrassé un flic
Je suis un homme
Je suis venu te dire que je m'en vais
L'effet papillon
La mère à Titi
Laisse béton
Manu
Marche à l'ombre
Miss maggie
Mistral gagnant
Morgane de toi
Près des auto tamponneuses
Putain de camion
Requiem pour un fou
Sous les jupes des filles
Sur mon tracteur
Toujours debout
Tournent les violons
 
Statistiques - réponses
Réponse % Correct
Mistral gagnant
95%
Laisse béton
91%
Dans mon HLM
88%
J'ai embrassé un flic
86%
Morgane de toi
86%
Marche à l'ombre
85%
Manu
84%
Toujours debout
82%
Miss maggie
81%
Putain de camion
79%
La mère à Titi
77%
Banlieue rouge
66%
C'est mon dernier bal
60%
Près des auto tamponneuses
54%
Deuxième génération
48%
Aucun quiz correspondant
Distribution des résultats
% des personnes avec chaque résultat
Percentile par nombre de réponses
Votre historique - résultats
Vous n’avez pas pris ce quiz